La Política de protecció d'espais naturals de la Diputació de Barcelona / Jordi Soler Insa
ISBN:
978-84-9803-379-3
Descripción Física:
225 p. ; 24 cm
Colección:
Estudis. Territori ; 8
MARC
| LEADER | 00000nam a2200000Ia 4500 | ||
|---|---|---|---|
| 001 | 22887 | ||
| 008 | 160829s2010 xx 000 0 cat d | ||
| 020 | |a 978-84-9803-379-3 | ||
| 080 | |a C-3-328 | ||
| 100 | |a Soler Insa, Jordi |9 38267 | ||
| 245 | |a La Política de protecció d'espais naturals de la Diputació de Barcelona / Jordi Soler Insa | ||
| 260 | |a Barcelona : |b Diputació de Barcelona. Àrea d'Espais Naturals, |c 2010 | ||
| 300 | |a 225 p. ; |c 24 cm | ||
| 490 | |a Estudis. Territori ; 8 | ||
| 590 | |a Bibliografia | ||
| 610 | 0 | |a Barcelona (Catalunya : Província). |b Àrea d'Espais Naturals |9 9050 | |
| 650 | |a Medi ambient |x Protecció |x Barcelona (Província) |9 38268 | ||
| 650 | 0 | |a Parcs Naturals |z Barcelona (Catalunya : Província) |9 49557 | |
| 710 | |a Barcelona (Catalunya : Província). |b Àrea d'Espais Naturals |9 9050 | ||
| 901 | |a Arxiu | ||
| 942 | |n 1 | ||
| 952 | |0 0 |1 0 |4 0 |6 C3328 |7 1 |9 53047 |a Arxiu |b Arxiu |d 2016-12-01 |l 0 |o C-3-328 |p 22887 |r 2016-12-01 00:00:00 |w 2016-12-01 |y ARXIU | ||
| 999 | |c 56896 |d 56896 | ||